<?xml version="1.0" encoding="UTF-8"?><?xml-stylesheet type="text/xsl" href="static/style.xsl"?><OAI-PMH xmlns="http://www.openarchives.org/OAI/2.0/" xmlns:xsi="http://www.w3.org/2001/XMLSchema-instance" xsi:schemaLocation="http://www.openarchives.org/OAI/2.0/ http://www.openarchives.org/OAI/2.0/OAI-PMH.xsd"><responseDate>2026-04-29T04:00:24Z</responseDate><request verb="GetRecord" identifier="oai:riubu.ubu.es:10259/3800" metadataPrefix="marc">https://riubu.ubu.es/oai/request</request><GetRecord><record><header><identifier>oai:riubu.ubu.es:10259/3800</identifier><datestamp>2021-11-10T09:38:24Z</datestamp><setSpec>com_10259_3593</setSpec><setSpec>com_10259_5086</setSpec><setSpec>com_10259_2604</setSpec><setSpec>col_10259_3594</setSpec></header><metadata><record xmlns="http://www.loc.gov/MARC21/slim" xmlns:doc="http://www.lyncode.com/xoai" xmlns:xsi="http://www.w3.org/2001/XMLSchema-instance" xmlns:dcterms="http://purl.org/dc/terms/" xsi:schemaLocation="http://www.loc.gov/MARC21/slim http://www.loc.gov/standards/marcxml/schema/MARC21slim.xsd">
<leader>00925njm 22002777a 4500</leader>
<datafield tag="042" ind1=" " ind2=" ">
<subfield code="a">dc</subfield>
</datafield>
<datafield tag="720" ind1=" " ind2=" ">
<subfield code="a">Sanjuán Cortázar, Ana María</subfield>
<subfield code="e">author</subfield>
</datafield>
<datafield tag="720" ind1=" " ind2=" ">
<subfield code="a">Martínez Cuezva, Alberto</subfield>
<subfield code="e">author</subfield>
</datafield>
<datafield tag="720" ind1=" " ind2=" ">
<subfield code="a">García García, Patricia</subfield>
<subfield code="e">author</subfield>
</datafield>
<datafield tag="720" ind1=" " ind2=" ">
<subfield code="a">Fernández Rodríguez, Manuel A.</subfield>
<subfield code="e">author</subfield>
</datafield>
<datafield tag="720" ind1=" " ind2=" ">
<subfield code="a">Sanz Díez, Roberto</subfield>
<subfield code="e">author</subfield>
</datafield>
<datafield tag="260" ind1=" " ind2=" ">
<subfield code="c">2013-10</subfield>
</datafield>
<datafield tag="520" ind1=" " ind2=" ">
<subfield code="a">The cyclization of o-(alkynyl)-3-(methylbut-2-enyl)benzenes, 1,6-enynes having a condensed aromatic ring at C3–C4 positions, has&#xd;
been studied under the catalysis of cationic gold(I) complexes. The selective 6-endo-dig mode of cyclization observed for the&#xd;
7-substituted substrates in the presence of water or methanol giving rise to hydroxy(methoxy)-functionalized dihydronaphthalene&#xd;
derivatives is highly remarkable in the context of the observed reaction pathways for the cycloisomerizations of 1,6-enynes bearing&#xd;
a trisubstituted olefin</subfield>
</datafield>
<datafield tag="024" ind2=" " ind1="8">
<subfield code="a">1860-5397</subfield>
</datafield>
<datafield tag="024" ind2=" " ind1="8">
<subfield code="a">http://hdl.handle.net/10259/3800</subfield>
</datafield>
<datafield tag="024" ind2=" " ind1="8">
<subfield code="a">10.3762/Fbjoc.9.263</subfield>
</datafield>
<datafield ind1=" " ind2=" " tag="653">
<subfield code="a">catalysis</subfield>
</datafield>
<datafield ind1=" " ind2=" " tag="653">
<subfield code="a">dihydronaphthalenes</subfield>
</datafield>
<datafield ind1=" " ind2=" " tag="653">
<subfield code="a">gold</subfield>
</datafield>
<datafield ind1=" " ind2=" " tag="653">
<subfield code="a">gold catalysis</subfield>
</datafield>
<datafield ind1=" " ind2=" " tag="653">
<subfield code="a">hydroxycyclization</subfield>
</datafield>
<datafield ind1=" " ind2=" " tag="653">
<subfield code="a">selectivity</subfield>
</datafield>
<datafield tag="245" ind1="0" ind2="0">
<subfield code="a">Gold(I)-catalyzed 6-endo hydroxycyclization of 7-substituted-1,6-enynes</subfield>
</datafield>
</record></metadata></record></GetRecord></OAI-PMH>